Reprezentacje z największym wzrostem/spadkiem punktów ELO w 2023 roku - Statystyki

Ogólne statystyki
  • Ten quiz został rozwiązany 20 razy
  • Średni wynik to 5 z 17
Statystyki odpowiedzi
Wzrost/spadek punktów Reprezentacja Federacja % Poprawnych
-92 pkt. Polska UEFA
100%
-122 pkt. Brazylia CONMEBOL
59%
+119 pkt. Panama CONCACAF
53%
-160 pkt. Kostaryka CONCACAF
47%
-108 pkt. Peru CONMEBOL
47%
+106 pkt. Mołdawia UEFA
41%
+102 pkt. Urugwaj CONMEBOL
41%
-87 pkt. Szwajcaria UEFA
24%
+93 pkt. Trynidad i Tobago CONMEBOL
24%
-103 pkt. Holandia UEFA
12%
+100 pkt. Wyspy Salomona OFC
12%
-153 pkt. Antigua i Barbuda CONCACAF
6%
-131 pkt. Bośnia i Hercegowina UEFA
6%
+111 pkt. Gwadelupa CONCACAF
0%
-116 pkt. Papua Nowa-Gwinea OFC
0%
+103 pkt. Saint-Martin CONCACAF
0%
+103 pkt. Sint Maarten CONCACAF
0%
Nie znaleziono quizów pasujących do podanych kryteriów
Rozkład punktacji
Procent ludzi z każdym wynikiem
Percentyl według liczby udzielonych odpowiedzi
Twoja historia wyników
Nie rozwiązałeś tego quizu